| 000 | 00983nam a22003017a 4500 | ||
|---|---|---|---|
| 001 | 5173 | ||
| 003 | FISKH | ||
| 005 | 20241108125822.0 | ||
| 008 | 241108b cb ||||| |||| 00| 0 eng d | ||
| 020 | _a9780590098564 | ||
| 040 |
_aFISKH _beng _cFISKH _dFISKH |
||
| 050 | _aPZ7.R25416 | ||
| 082 | _a813 | ||
| 100 | _aReeder, Carolyn | ||
| 245 |
_aFoster's War / _cby Carolyn Reeder |
||
| 250 | _aFirst Scholastic paperback printing, November 2000 | ||
| 260 |
_aNew York : _bScholastic ; _c1998 . |
||
| 300 |
_a267 pages : _billustrations ; _c20 cm . |
||
| 505 | _aZ | ||
| 520 | _aWhen his older brother joins the army during World War II in order to escape the rages of an authoritarian father, eleven-year-old Foster fights his battles on the homefront. | ||
| 521 | 8 |
_a940
_bLexile |
|
| 521 | 8 |
_aZ
_bRaz-Plus |
|
| 650 |
_achildren _vfiction |
||
| 650 |
_ayoung adult _vfiction |
||
| 700 |
_aO'Brien, Tim _eeditor |
||
| 942 |
_2ddc _cBK _n0 |
||
| 999 |
_c5173 _d5173 |
||